01415nam a2200169Ia 4500001001300000003001000013008004100023040002500064041000700089100001600096245005700112250001100169260003700180300001200217500100300229650001301232b6784-53272 IT-MiCISF161014s9999||||xx |||||||||||||| ||und|| aIT-MiCISFcIT-MiCISF ait aNaouri Aldo 0aLe suocere, le nuore e le altre relazioni pericolose a1a ed. a MilanobRaffaello Cortinac2012 app. 222 a / famiglia, rapporti-familiari, rapporti-genitori-figli, parentela, case-studies, storia, comunicazione / Perché le suocere hanno una pessima reputazione? Perché da sempre la cultura popolare, l'arte e la letteratura ne fanno ritratti uno più impietoso dell'altro? E perché, del resto, una donna difficilmente riesce ad avviare una relazione priva di conflitti con la propria nuora? Perché una madre che, per tutta la vita, ha dispensato affetto al proprio figlio mal sopporta la donna che ama quello stesso figlio e che lui ha scelto di amare? E che dire delle suocere e dei loro generi? E dei suoceri, dei loro generi e delle loro nuore? Per rintracciare la genesi di questi legami di parentela piuttosto tesi, l'autore chiama a raccolta la psicologia, l'antropologia e i miti più celebri, puntando a farci scoprire cosa si nasconde dietro i risentimenti degli uni e degli altri, e dando a ciascun lettore risposte che potrebbero servire a cambiare per sempre la sua vita famigliare. afamiglia